Normal view
MARC view
- Michael D. LaGrega, Phillip L. Buckingham, Jeffrey C. Evans
Entry Personal Name
001 - CONTROL NUMBER
- control field: 129038
003 - CONTROL NUMBER IDENTIFIER
- control field: NUST
005 - DATE AND TIME OF LATEST TRANSACTION
- control field: 20250520112056.0
008 - FIXED-LENGTH DATA ELEMENTS
- fixed length control field: 250520|| aca||aabn | a|a d
040 ## - CATALOGING SOURCE
- Original cataloging agency: NUST
- Transcribing agency: NUST
100 ## - HEADING--PERSONAL NAME
- Personal name: Michael D. LaGrega, Phillip L. Buckingham, Jeffrey C. Evans
670 ## - SOURCE DATA FOUND
- Source citation: Work cat.: (NUST)564489: Michael D. LaGrega, Phillip L. Buckingham, Jeffrey C. Evans, Hazardous waste management /, 2001
